Oklahoma City Thunder Quiz - Statistics

General Stats
  • This quiz has been taken 162 times
  • The average score is 18 of 33
Answer Stats
Answer % Correct
Western
97%
Supersonics
91%
1
90%
1
90%
Cool Black
87%
Ocean Boat Blue
87%
Oklahoma City Blue
87%
4
85%
4
85%
Seattle
85%
Portland Orange
81%
10
80%
Oklahoma City, Oklahoma
79%
11
77%
19
71%
Northwest
56%
24
49%
1967
48%
Ripe Mango
48%
43
46%
Billy Donovan
46%
32
44%
Sam Presti
40%
Nick Collison
29%
Love's Travel Stops & Country Stores
28%
Chesapeake Energy Arena
26%
Jack Sikma
26%
Clay Bennett
12%
Fred Brown
9%
Gus Williams
9%
Spencer Haywood
9%
Lenny Wilkens
6%
Nate McMillan
5%
No matching quizzes found
Score Distribution
Percent of People with Each Score
Percentile by Number Answered
Your Score History
You have not taken this quiz